Change a Letter Slideshow Quiz Stats

Quiz Updated Jun 23, 2015

Challenge
Share
Tweet
Score 0/20 Timer 03:00
0 Plays Today
% Correct
pie & pig
97%
pan & pin
96.4%
saw & sew
96.2%
nun & nut
96%
fan & fin
95.9%
tub & tug
95.8%
bow & cow
94.8%
dog & log
94.7%
elf & elk
93.8%
can & cat
93.6%
% Correct
cub & cup
93.3%
mop & top
93.2%
hat & hay
91.8%
fax & wax
90.8%
ark & arm
90%
ape & axe
88%
bag & bug
87.5%
abs & ass
84.3%
boa & bra
82.9%
car & oar
79.7%

You're not logged in!

Compare scores with friends on all Sporcle quizzes.
Join for Free
OR
Log In

You Might Also Like...

Show Comments

Extras

Top Quizzes Today


Score Distribution

Your Account Isn't Verified!

In order to create a playlist on Sporcle, you need to verify the email address you used during registration. Go to your Sporcle Settings to finish the process.

Report this User

Report this user for behavior that violates our Community Guidelines.

Details: